| 000 | 02427ngm a22003853 4500 | ||
|---|---|---|---|
| 001 | 389 | ||
| 003 | DO-SdBNP | ||
| 005 | 20251212102748.0 | ||
| 007 | 389 | ||
| 008 | 13826 s2012 sp 150 g || vlmul | ||
| 016 | 7 |
_a _2BPMSU |
|
| 017 |
_a _b |
||
| 020 | _a8408469711 (obra completa) | ||
| 035 | _a | ||
| 040 |
_aBPMSU _bspa _cBPMSU _e |
||
| 082 |
_a709 _bH673a |
||
| 245 | 1 | 0 |
_a ARS Magna : _n _bhistoria del arte universal : _cJavier Fortea Pérez ... [et al.]. _p |
| 246 | 1 | 3 | _aHistoria del arte universal: Ars Magna. |
| 246 | 1 | 3 | _aHistoria del arte universal |
| 246 | 1 | 3 | _a Título en el lomo : AM historia del arte universal |
| 260 | 0 |
_aBarcelona : _bPlaneta, _c2011 |
|
| 300 |
_a10 v. : _b il. ; _c31 cm. |
||
| 504 | _aIncluye referencias bibliografícas e índice. | ||
| 505 | 0 | _a v. 1. El alba de la ilusión : el arte de la prehistoria y de las primeras civilizaciones / Javier Fortea Pérez, María José López Grande, Bernat Martí Oliver -- v. 2. El esplendor del ritual : el arte en América precolombina, África y Oceanía / Miguel Rivera Dorado, Alberto Costa Romero de Tejada -- v. 3. Meditar la naturaleza : el arte en India y Asia oriental / Isabel Cervera -- v. 4. El descubrimiento del orden clásico : el arte en Grecia y Roma / Manuel Bendala Galán -- El arte paleocristiano / Carmen Sánchez Fernández -- v. 5. La disputa de la Imágenes : el primer arte medieval cristiano / Germán Ramallo Asensio -- El arte islámico / Pedro Segado Bravo y Carmen Martínez Salvador -- v. 6. El despertar de Europa : el arte del Románico y del Gótico / Joan Sureda -- v. 7. La búsqueda de lo real : el arte en el Renacimiento, 1400-1527 / Joan Sureda -- v. 8. El espectáculo de las formas : el arte manierista, barroco y rococó, 1527-1780 / Joan Ramon Triadó -- v. 9. La conquista de la libertad : el arte occidental entre 1780 y 1900 / Isabel Valverde, ... [et al.] -- v. 10. El triunfo de la creación : el arte del siglo XX / Anna Maria Guasch ... [et al.]. | |
| 650 | 7 |
_aArte _xHistoria _vEnciclopedias. _y _2 |
|
| 655 | 7 |
_aDocumentales _2tgfbne |
|
| 700 | 1 | 2 | _4Briñardeli Luna, Juan Carlos. |
| 700 | 1 | 2 | _aSureda, Joan. |
| 700 | 1 | 2 | _aNavascués Palacio, Pedro |
| 740 | 3 | 2 | _aEl arte en los albores del siglo XXI |
| 910 | _aValidado. Control de calidad MFF | ||
| 942 |
_2ddc _cBK |
||
| 945 | _aInventariado, 2017/MFF | ||
| 956 |
_aVMATEO _b10 _c20160621 _dBPMSU _f00069 |
||
| 999 |
_c10457 _d10457 |
||